|
|
|
|
| LEADER |
00000nam a2200000 a 4500 |
| 001 |
vtls001149505 |
| 003 |
SK-MaSNL |
| 005 |
20260301002158.0 |
| 008 |
240314s1995 xo a r 0 hun |
| 015 |
|
|
|a SNBA1996/0701773
|
| 020 |
|
|
|a 8096701142
|
| 035 |
|
|
|a SNK000092366
|
| 040 |
|
|
|a SNK
|b slo
|c SNK
|e AACR2
|
| 041 |
0 |
|
|a hun
|
| 044 |
|
|
|a xo
|c SK
|
| 080 |
|
|
|a 372.828.2(075.2)=945.11
|2 1981
|
| 100 |
1 |
|
|a Balážová, Daniela
|4 aut
|9 7393
|
| 245 |
1 |
0 |
|a Jézussal együtt
|b római katolikus hittankönyv az alapiskolák első osztálya számára
|c [szerző Daniela Balážová]
|
| 260 |
|
|
|a [Senec]
|b Glória
|c [1995]
|
| 300 |
|
|
|a 96 s.
|b Ilustr.
|c 17x24 cm
|
| 500 |
|
|
|a Ilustr. na tit. strane
|
| 500 |
|
|
|a Údaj o aut. prevzatý z rubu tit. strany
|
| 500 |
|
|
|a Ilustr. kol.
|
| 610 |
0 |
7 |
|a Rímskokatolícka cirkev
|x náboženstvo
|x učebnice zákl. škôl (1. roč.) maď.
|2 SNK
|9 281539
|
| 611 |
1 |
7 |
|a Rímskokatolícka cirkev
|x náboženstvo
|x učebnice zákl. škôl (1. roč.) maď.
|2 SNK
|9 281540
|
| 650 |
0 |
7 |
|a náboženstvo
|x Rímskokatolícka cirkev
|x učebnice zákl. škôl (1. roč.) maď.
|2 SNK
|9 281541
|
| 655 |
|
7 |
|a učebnice
|2 SNK
|9 22521
|
| 700 |
1 |
|
|a Bebjak, Ľudovít,
|d 1934-2009
|4 ill
|9 89811
|
| 700 |
1 |
|
|a Baláž, Peter
|4 ill
|9 169811
|
| 700 |
1 |
|
|a Macák, Ján
|4 ill
|9 7451
|
| 700 |
1 |
|
|a Slivka, Michal,
|d 1948-
|4 ill
|9 15294
|
| 700 |
1 |
|
|a Welnitz, Ľubomír
|4 ill
|9 47743
|
| 919 |
|
|
|a 80-967011-4-2
|
| 958 |
|
|
|a TL
|
| 958 |
|
|
|a OP
|
| 958 |
|
|
|a NS
|
| 958 |
|
|
|a HU
|
| 968 |
|
|
|a Mag
|b SLO
|
| 999 |
|
|
|c 536752
|d 538682
|
| 952 |
|
|
|t P60, <09>, [BOOK], {629}
|a SNK
|b SNK
|y NEVYP
|7 0
|o snkC 546
|i snk1056/960313
|0 0
|1 0
|4 0
|d 1996-03-12
|l 0
|r 2005-01-01 00:00:00
|w 2026-02-23
|
| 952 |
|
|
|t P60, <03>, [BOOK], {603}
|a SNK
|b SNK
|y PREZ
|7 0
|p 17A0000908
|o snkSD 67695
|i snkKSP 2756/96
|0 0
|1 0
|4 0
|d 1996-03-12
|l 0
|r 2005-01-01 00:00:00
|w 2026-02-23
|
| 952 |
|
|
|t P60, <04>, [BOOK], {604}
|a SNK
|b SNK
|y VYP
|7 0
|p 17A0000909
|o snkSD 67695 D1
|i snkKSP 2757/96
|0 0
|1 0
|4 0
|d 1996-03-12
|l 0
|r 2005-01-01 00:00:00
|w 2026-02-23
|